000 00639nam a2200229 a 4500
001 0001-1026
003 ELIB.Books
008 141106 2010 eng
020 _a0805420827
035 _a(ELIB.Books)0001-1180
092 _a241 Tru
_bTru
100 _aTrull, Joe E.
245 _aWalking in the Way:
_bAn Introduction to Christian Ethics
260 _aNashville:
_bBroadman & Holdman Publishers
_c1997
300 _a344
_c20.6 Cm
650 _aChristian Ethics
856 _nKBTS; Library
_uKBTS; Elib.
942 _2ddc
_cBK
990 _a2
998 _cbat
_e2014-11-06
_mcat
_u2019-05-28
999 _c11026
_d11026